000 00756cam a22002531 4500
001 8437079
003 ARRUPE
005 20150220132747.0
008 760831s1961 enka 000 0 eng
010 _a 62000637
015 _aGB61-18998
035 _a(OCoLC)2406759
040 _aDLC
_cMiYEM
_dUk
_dDLC
042 _apremarc
050 0 0 _aQL62
_b.D865 1964
100 1 _aDurrell, Gerald,
_d1925-1995.
_910782
245 1 4 _aThe whispering land.
_cDurrell, Gerald.
260 _aLondon,
_bPenguin Books,
_c1964.
300 _a235 p.
_billus.
_c22 cm.
650 0 _aZoological specimens
_xCollection and preservation.
_910783
650 0 _aZoology
_zArgentina.
_915452
906 _a7
_bcbc
_coclcrpl
_du
_encip
_f19
_gy-gencatlg
942 _2lcc
_cMONOGRAPH
999 _c122158
_d122158